| 000 | 01162nam0a22002891 4500 | ||
|---|---|---|---|
| 001 | rc\363900 | ||
| 005 | 20030307123454.5 | ||
| 010 |
_a5-628-00282-8 _91000 |
||
| 035 | _a(NLR Aleph) 005594540 | ||
| 090 |
_a6247817 _c6247817 |
||
| 100 | _a20030307d1989 u |0rusy50 ca | ||
| 101 | 0 | _arus | |
| 102 | _aRU | ||
| 105 | _ay ||||||||| | ||
| 200 | 1 |
_aСтрой уйгурского языка _f[А.Т. Кайдаров, Т.Т. Талипов, В.У. Махпиров и др. _gОтв. ред. Г.С. Садвакасов] _gАН КазССР, Ин-т уйгуроведения |
|
| 210 |
_aАлма-Ата _cНаука КазССР _d1989 |
||
| 215 |
_a470, [1] с. _d22 |
||
| 300 | _aАвт. указаны на 3-й с. | ||
| 320 | _aРез.: араб., англ. | ||
| 701 | 1 |
_aКайдаров _bА.-А. Т. _gАбду-Али Туганбаевич |
|
| 702 | 1 |
_aСадвакасов _bГ. С. _gГожахмет Садвакасович _4340 |
|
| 712 | 0 | 2 |
_aИнститут уйгуроведения _cАлма-Ата _3RU\NLR\AUTH\889968028 |
| 801 | 0 |
_aRU _bNLR _gpsbo |
|
| 801 | 1 |
_aRU _bELAR _2rusmarc |
|
| 852 |
_aNLR _j89-5/7050 |
||
| 942 | _cBOOK | ||
| 980 | _aNB | ||